Statistics for Original Members of the United Nations

Click here to take the quiz!

General Stats

  • This quiz has been taken 46 times
    (34 since last reset)
  • The average score is 44 of 51

Answer Stats

Country% Correct
Argentina
100%
Australia
100%
Canada
100%
China
100%
New Zealand
100%
Union of Soviet Socialist Republics/ USSR
100%
United Kingdom
100%
Brazil
95%
Chile
95%
Colombia
95%
Ecuador
95%
France
95%
India
95%
Mexico
95%
Netherlands
95%
Paraguay
95%
United States
95%
Uruguay
95%
Venezuela
95%
Belgium
90%
Bolivia
90%
Costa Rica
90%
Cuba
90%
Denmark
90%
Guatemala
90%
Haiti
90%
Honduras
90%
Panama
90%
Peru
90%
Poland
90%
Dominican Republic
86%
El Salvador
86%
Ethiopia
86%
Greece
86%
Nicaragua
86%
Norway
86%
Turkey
86%
Czechoslovakia
81%
Egypt
81%
Iran
81%
Iraq
81%
Luxembourg
81%
Union of South Africa/ South Africa
81%
Yugoslavia
81%
Liberia
76%
Philippine Republic/ Philippines
76%
Saudi Arabia
76%
Syria
76%
Lebanon
57%
Byelorussian Soviet Socialist Republic/ Byelorussian SSR
24%
Ukrainian Soviet Socialist Republic/ Ukrainian SSR
24%

Score Distribution

Percentile by Number Answered

Percent of People with Each Score

Your Score History

You have not taken this quiz since the last reset